000 00690nam a2200265Ia 4500
005 20260302115632.0
008 008 260114s9999 xx 000 0 eng d
020 _a9781350394926
037 _aTextbook
040 _aCRL
040 _beng
040 _cCRL
041 _2eng
041 _aeng
084 _qCRL
100 _aSue-Ellen Case
_91122200
245 0 _aFeminist and Queer Performance Critical Strategies
260 _bBloomsbury
260 _bMethuen Drama
260 _c2008
650 _aLiterary Studies
856 _uhttps://doi.org/10.1007/978-1-137-04560-7?locatt=label:secondary_bloomsburyCollections
942 _cEBOOK
999 _c1686935
_d1686935